Statistics for Banned Pokemon Episodes

Click here to take the quiz!

General Stats

  • This quiz has been taken 16 times
  • The average score is 2 of 6

Answer Stats

HintAnswer% Correct
Episode 38Electric Soldier Porygon
73%
Episode 18Beauty and the Beach
64%
Episode 35The Legend of Dratini
55%
Episode 682 & 683Team Rocket vs Team Plasma
27%
Episode 377Shaking Island Battle Barboach vs Whiscash
9%
Episode 252The Ice Cave
9%

Score Distribution

Percentile by Number Answered

Percent of People with Each Score

Your Score History

You have not taken this quiz